000 01090nam a2200289 u 4500
001 000003199
003 DO-SdBNP
005 20220304094438.0
007 ta
008 090707s2004 dr a r 001 0 spa d
040 _aDO-SdBNP
_bspa
_cBNPHU
082 4 _a338.197293
_bF962d
_222
100 1 0 _aFulcar, María Altagracia
_910111
245 1 0 _aDiagnóstico de la situación alimentaria nutricional en los bateyes de República Dominicana /
_cMaría Altagracia Fulcar
260 _aSanto Domingo :
_bServicio Jesuita a Refugiados y Migrantes,
_c2004.
300 _a88 p. :
_bil. ;
_c22 cm.
490 0 _aRelaciones Dominico-Haitianas
_v3
500 _aContiene índice.
504 _aIncluye referencias bibliográfícas y notas al píe de página.
590 _aInventariado, 2022 / SA
650 4 _aNutrición
_zRepública Dominicana
_910112
650 4 _aDesnutrición
_xPrevención
_zRepública Dominicana
_910113
650 4 _aTrabajadores del azúcar
_zRepública Dominicana
_910114
830 0 _aRelaciones Dominico-Haitianas
_n3
_910116
910 _aSaquino
942 _2ddc
_cLBS1
999 _c3030
_d3030